| 000 | 00000nam 2200000zi 4500 |
| 001 | 9.937193 |
| 003 | CaOODSP |
| 005 | 20240419141552 |
| 006 | m o d f |
| 007 | cr |n||||||||| |
| 008 | 240419e202310##onc ob f|0| 0 eng d |
| 040 | |aCaOODSP|beng|erda|cCaOODSP |
| 043 | |an-cn--- |
| 086 | 1 |aRv55-8/2-3-6-2023E-PDF |
| 245 | 00|aNon-commercial provincial tax collection programs. |
| 264 | 1|aOttawa : |bCanada Border Services Agency, |cOctober 2023. |
| 300 | |a1 online resource (7 unnumbered pages). |
| 336 | |atext|btxt|2rdacontent |
| 337 | |acomputer|bc|2rdamedia |
| 338 | |aonline resource|bcr|2rdacarrier |
| 490 | 1 |aMemorandum, |x2369-2391 ; |vD2-3-6 |
| 500 | |aIssued also in French under title: Programmes de perception des taxes provinciales sur les importations non commerciales. |
| 500 | |a"Superseded memoranda D, D2-3-6 dated February 16, 2022." |
| 504 | |aIncludes bibliographical references (pages [6-7]). |
| 650 | 0|aTariff|zCanada|zProvinces. |
| 650 | 5|aFederal-provincial tax relations|zCanada. |
| 710 | 2 |aCanada Border Services Agency, |eissuing body. |
| 775 | 08|tProgrammes de perception des taxes provinciales sur les importations non commerciales.|w(CaOODSP)9.937195 |
| 830 | #0|aMemorandum (Canada Border Services Agency)|vD2-3-6.|w(CaOODSP)9.816825 |
| 856 | 40|qPDF|s4112 KB|uhttps://publications.gc.ca/collections/collection_2024/asfc-cbsa/Rv55-8-2-3-6-2023-eng.pdf |
| 856 | 4 |qHTML|sN/A|uhttps://www.cbsa-asfc.gc.ca/publications/dm-md/d2/d2-3-6-eng.html |